Možnosti kontroly bŕzd vozidiel s pohonom všetkých kolies na jednonápravovej valcovej skúšobni bŕzd
Salvato in:
| Autore principale: | |
|---|---|
| Altri autori: | |
| Natura: | Manoscritto Libro |
| Lingua: | slovacco |
| Pubblicazione: |
2024
|
| Soggetti: | |
| Accesso online: | http://is.stuba.sk/zp/portal_zp.pl?podrobnosti=177302 |
| Tags: |
Nessun Tag, puoi essere il primo ad aggiungerne!!
|
MARC
| LEADER | 00000ntm a22000003a 4500 | ||
|---|---|---|---|
| 001 | stuzp100675 | ||
| 003 | SK-STU | ||
| 005 | 20250226093533.0 | ||
| 007 | ta | ||
| 008 | 150427s2015----xo-----f-mn---000-0-slo-d | ||
| 040 | |a STU |b slo | ||
| 041 | 0 | |a slo | |
| 100 | 1 | |a Bédy, Adam |u 020030 |4 aut |U SjF Strojnícka fakulta |T SjF Ústav automobilového inžinierstva a konštruovania |X 98660 |U J0030 |Y 806 |7 98660 | |
| 242 | 0 | 1 | |a Possibilities of checking the brakes of all-wheel drive vehicles on a single-axle brake test bench |y eng |
| 245 | 1 | 0 | |a Možnosti kontroly bŕzd vozidiel s pohonom všetkých kolies na jednonápravovej valcovej skúšobni bŕzd |
| 260 | |c 2024 | ||
| 650 | 4 | |a haldex |2 slo | |
| 650 | 4 | |a brzdy |2 slo | |
| 650 | 4 | |a valcová skúšobňa bŕzd |2 slo | |
| 650 | 4 | |a pohon všetkých kolies |2 slo | |
| 650 | 4 | |a four-wheel drive |2 eng | |
| 650 | 4 | |a brakes |2 eng | |
| 650 | 4 | |a haldex |2 eng | |
| 650 | 4 | |a roller brake tester |2 eng | |
| 700 | 1 | |a Danko, Ján |u 020030 |k Z1 |4 ths |U SjF Strojnícka fakulta |T SjF Ústav automobilového inžinierstva a konštruovania |X 3691 |U J0030 |Y 806 |7 A000003691 | |
| 856 | 4 | |u http://is.stuba.sk/zp/portal_zp.pl?podrobnosti=177302 | |
| 996 | |b 284J047701 |c J* 3797/DDP |l JJSK |s A |a 24 |w stuzp100675_0001 | ||